书目信息 |
| 题名: |
劳伦斯中短篇小说集
|
|
| 作者: | 劳伦斯 著 ;黑马 译 | |
| 分册: | ||
| 出版信息: | 北京 团结出版社 2020.03 |
|
| 页数: | 19, 560页 | |
| 开本: | 25cm | |
| 丛书名: | 劳伦斯典藏系列 | |
| 单 册: | ||
| 中图分类: | I561.45 | |
| 科图分类: | ||
| 主题词: | 中篇小说--zhong pian xiao shuo--小说集--英国--现代 , 短篇小说--duan pian xiao shuo--小说集--英国--现代 | |
| 电子资源: | ||
| ISBN: | 978-7-5126-7571-1 | |
| 000 | 01307nam 2200301 450 | |
| 001 | 202020140890 | |
| 005 | 20200926181358.0 | |
| 010 | @a978-7-5126-7571-1@dCNY108.00 | |
| 100 | @a20200919d2020 em y0chiy50 ea | |
| 101 | 1 | @achi@ceng |
| 102 | @aCN@b110000 | |
| 105 | @ay z 000ay | |
| 106 | @ar | |
| 200 | 1 | @a劳伦斯中短篇小说集@Alao lun si zhong duan pian xiao shuo ji@d= Selected tales and novelle of D.H.Lawrence@f(英) D.H.劳伦斯著@g黑马译@zeng |
| 205 | @a修订版 | |
| 210 | @a北京@c团结出版社@d2020.03 | |
| 215 | @a19, 560页@d25cm | |
| 225 | 2 | @a劳伦斯典藏系列@Alao lun si dian cang xi lie |
| 330 | @a本书内容包括: 译者序言 ; 序曲 ; 教堂彩窗碎片 ; 鹅市 ; 受伤的矿工 ; 施洗 ; 菊香 ; 牧师的女儿们 ; 干草垛里的爱 ; 退求其次 ; 玫瑰园里的阴影 ; 春天的阴影 ; 白长筒袜 ; 肉中刺 ; 普鲁士军官 ; 英格兰, 我的英格兰 ; 买票嘞 ; 你摸过我 ; 公主 ; 太阳 ; 木马赌徒 ; 爱岛的男人等。 | |
| 410 | 0 | @12001 @a劳伦斯典藏系列 |
| 500 | 10 | @aSelected tales and novelle of D.H.Lawrence@mChinese |
| 606 | 0 | @a中篇小说@Azhong pian xiao shuo@x小说集@y英国@z现代 |
| 606 | 0 | @a短篇小说@Aduan pian xiao shuo@x小说集@y英国@z现代 |
| 690 | @aI561.45@v5 | |
| 701 | 1 | @a劳伦斯@Alao lun si@g(Lawrence, D. H.)@4著 |
| 702 | 0 | @a黑马@Ahei ma@4译 |
| 801 | 0 | @aCN@c20200414 |
| 905 | @a河南城建学院图书馆@dI561.45@eL063 | |
| 劳伦斯中短篇小说集= Selected tales and novelle of D.H.Lawrence/(英) D.H.劳伦斯著/黑马译.-修订版.-北京:团结出版社,2020.03 |
| 19, 560页;25cm.-(劳伦斯典藏系列) |
| ISBN 978-7-5126-7571-1:CNY108.00 |
| 本书内容包括: 译者序言 ; 序曲 ; 教堂彩窗碎片 ; 鹅市 ; 受伤的矿工 ; 施洗 ; 菊香 ; 牧师的女儿们 ; 干草垛里的爱 ; 退求其次 ; 玫瑰园里的阴影 ; 春天的阴影 ; 白长筒袜 ; 肉中刺 ; 普鲁士军官 ; 英格兰, 我的英格兰 ; 买票嘞 ; 你摸过我 ; 公主 ; 太阳 ; 木马赌徒 ; 爱岛的男人等。 |
| ● |
| 相关链接 |
|
|
|
正题名:劳伦斯中短篇小说集
索取号:I561.45/L063
 
预约/预借
| 序号 | 登录号 | 条形码 | 馆藏地/架位号 | 状态 | 备注 |
| 1 | 1491058 | 214910587 | 文学库116/116文学库 21排3列2层/ [索取号:I561.45/L063] | 在馆 |